Find That Country: Hot or Cold III Quiz Stats

 Plays Quiz Updated Jan 3, 2020

     
Support Sporcle.
Go Orange.
Score 0/10 Timer 06:00
12 Plays Today
Number/Hint Country % Correct
5.France
92.8%
7.Peru
81.7%
8.Myanmar
63.4%
9.Ireland
62.9%
1.Chad
60.8%
2.Guyana
60.7%
3.Romania
50.8%
4.Mozambique
49.9%
10.Yemen
43.4%
6.Montenegro
30.4%

From the Vault

Remove Ads.
Support Sporcle.
Get the best of Sporcle when you Go Orange. This ad-free experience offers more features, more stats, and more fun while also helping to support Sporcle. Thank you for becoming a member.

Show Comments

Extras

Top Quizzes Today


Score Distribution

Your Account Isn't Verified!

In order to create a playlist on Sporcle, you need to verify the email address you used during registration. Go to your Sporcle Settings to finish the process.

Report this User

Report this user for behavior that violates our Community Guidelines.

Details: